[Event "I Miedzynarodowy Memorial Ireny Warakomskiej - Open A"]
[Site "Suwalki"]
[Date "2017-08-12"]
[Round "2.29"]
[White "Dzierzak, Radoslaw "]
[Black "Sowul, Bartosz "]
[Result "1-0"]
[WhiteTitle ""]
[BlackTitle ""]
[WhiteElo "2276"]
[BlackElo "2183"]

1. e4 c5 2. Nf3 d6 3. d4 cxd4 4. Nxd4 Nf6 5. Nc3 g6 6. g3 Nc6 7. Nde2 Bd7 8. Bg2
Qc8 9. Nf4 h5 10. Nfd5 Nxd5 11. Nxd5 h4 12. Bg5 hxg3 13. hxg3 Rxh1+ 14. Bxh1 Be6
15. c3 Bxd5 16. exd5 Ne5 17. Qd4 Qf5 18. Qa4+ Qd7 19. Qxd7+ Kxd7 20. O-O-O Bg7
21. Be4 Rh8 22. Be3 f5 23. Bc2 a6 24. Bd4 Bf6 25. Bxe5 dxe5 26. Kd2 Rh2 27. Ke2
e4 28. Ba4+ Kd6 29. Be8 g5 30. Bg6 e6 31. c4 b6 32. b4 f4 33. gxf4 gxf4 34. Bxe4
Bh4 35. Rf1 exd5 36. Bxd5 Ke5 37. Kf3 Kd4 38. a4 Ke5 39. Re1+ Kf5 40. Re2 Bf6
41. Be6+ Kg5 42. c5 bxc5 43. bxc5 Bd4 44. c6 Bb6 45. Rb2 Kf6 46. Bg4 Ba5 47. Rb7
1-0

[Event "I Miedzynarodowy Memorial Ireny Warakomskiej - Open A"]
[Site "Suwalki"]
[Date "2017-08-12"]
[Round "2.30"]
[White "Bukojemski, Adam "]
[Black "Bugalski, Michal "]
[Result "1-0"]
[WhiteTitle ""]
[BlackTitle ""]
[WhiteElo "2183"]
[BlackElo "2250"]

1. e4 e6 2. d4 d5 3. Nc3 Nf6 4. e5 Nfd7 5. f4 c5 6. Nf3 Nc6 7. Be3 a6 8. Qd2 b5
9. a3 Bb7 10. Bd3 Qb6 11. Qf2 cxd4 12. Nxd4 Nxd4 13. Bxd4 Bc5 14. Ne2 O-O 15.
Qh4 g6 16. c3 f6 17. Qg4 Rf7 18. h4 Bxd4 19. cxd4 b4 20. h5 f5 21. Qh3 Nf8 22.
hxg6 Nxg6 23. Qe3 Rg7 24. Ng3 bxa3 25. bxa3 Qb2 26. Rb1 Qxg2 27. Bf1 Qa2 28. Bd3
Rc8 29. Nh5 Rc3 30. Nxg7 Qxb1+ 31. Bxb1 Rxe3+ 32. Kf2 Rxa3 33. Nxe6 Bc8 34. Bxf5
Ra2+ 35. Ke3 Ra3+ 36. Kf2 Ra2+ 37. Kf3 Ra3+ 38. Kg4 Ra4 39. Kg5 Bd7 40. Nc5 Rxd4
41. Bxg6 1-0

[Event "I Miedzynarodowy Memorial Ireny Warakomskiej - Open A"]
[Site "Suwalki"]
[Date "2017-08-12"]
[Round "2.31"]
[White "Polok, Kacper"]
[Black "Paprocki, Jaroslaw "]
[Result "0-1"]
[WhiteTitle ""]
[BlackTitle ""]
[WhiteElo "2249"]
[BlackElo "2183"]

1. e4 e5 2. Nf3 Nc6 3. Bb5 Nf6 4. O-O Bc5 5. Nxe5 Nxe4 6. Qe2 Nxe5 7. Qxe4 Qe7
8. d4 Nc6 9. Bxc6 dxc6 10. Qd3 Bd6 11. c4 Qh4 12. Re1+ Be6 13. g3 Qh5 14. Be3
O-O 15. Nd2 Rad8 16. b3 Rfe8 17. Qc3 Bh3 18. f3 c5 19. Bf2 cxd4 20. Rxe8+ Rxe8
21. Bxd4 Re2 22. Ne4 Bg4 23. Bf2 Bxf3 24. Nxd6 Bc6 25. Ne8 Bxe8 26. Re1 Bc6 27.
Qd3 Rxe1+ 28. Bxe1 Qg5 29. Bd2 Qf6 30. Bc3 Qg5 31. Bd2 Qe7 32. Qe3 Qa3 33. Bc1
Qxa2 34. Qd2 Qxd2 35. Bxd2 Be4 36. b4 c5 37. Kf2 Bd3 38. Ke3 Bxc4 39. bxc5 Kf8
40. Kd4 Be6 41. h4 Ke7 42. Bg5+ Kd7 43. Bd2 Kc6 44. Bc3 Kb5 45. Bd2 a5 46. Bc1
a4 47. Be3 f6 48. Kc3 Kc6 49. Kd4 Kd7 50. Ke4 Bb3 51. g4 h5 52. gxh5 Ke6 53. Bc1
Bc2+ 54. Kd4 Kf5 55. h6 gxh6 56. Bxh6 Kg4 57. Ke3 a3 58. Bg7 Kf5 59. c6 bxc6 0-1

[Event "I Miedzynarodowy Memorial Ireny Warakomskiej - Open A"]
[Site "Suwalki"]
[Date "2017-08-12"]
[Round "2.32"]
[White "Okrucinski, Tadeusz"]
[Black "Krzywda, Andrzej "]
[Result "0-1"]
[WhiteTitle ""]
[BlackTitle ""]
[WhiteElo "2244"]
[BlackElo "2173"]

1. d4 Nf6 2. c4 e6 3. Nf3 d5 4. g3 Be7 5. Bg2 O-O 6. O-O dxc4 7. Qc2 a6 8. a4 Bd7
9. Qxc4 Bc6 10. Nbd2 a5 11. Qc2 Na6 12. Rd1 Nb4 13. Qb1 Qb8 14. e4 Rd8 15. e5
Nfd5 16. Ne4 h6 17. g4 Rd7 18. g5 Qf8 19. Nh4 Qd8 20. f4 Nxf4 21. Bxf4 hxg5 22.
Bxg5 Bxg5 23. Nf3 Be3+ 24. Kh1 Nd5 25. Ra3 Bh6 26. h4 Nf4 27. Rg1 Qe7 28. Nfg5
Bxg5 29. Nxg5 Bxg2+ 30. Rxg2 g6 31. Rd2 Kg7 32. Rf3 Rh8 33. Rxf4 Qxg5 34. Qe4
Rxh4+ 35. Rxh4 Qxd2 36. Qf3 Qe1+ 0-1

[Event "I Miedzynarodowy Memorial Ireny Warakomskiej - Open A"]
[Site "Suwalki"]
[Date "2017-08-12"]
[Round "2.33"]
[White "Teglas, Balazs "]
[Black "Zgadzaj, Rafal "]
[Result "1-0"]
[WhiteTitle ""]
[BlackTitle ""]
[WhiteElo "2238"]
[BlackElo "2147"]

1. d4 d6 2. e4 g6 3. Nc3 Bg7 4. g3 Nf6 5. Bg2 O-O 6. Nge2 e5 7. O-O Nc6 8. dxe5
dxe5 9. Bg5 Nd4 10. Nxd4 exd4 11. Nd5 c6 12. Qf3 cxd5 13. e5 h6 14. Bxf6 Bxf6
15. exf6 Bf5 16. Qf4 Qxf6 17. Rad1 g5 18. Qxd4 Qxd4 19. Rxd4 Bxc2 20. Bxd5 Rab8
21. Re1 Bg6 22. h4 gxh4 23. Rxh4 Rfd8 24. Bb3 Kg7 25. Re7 Re8 26. Rc7 Rbc8 27.
Rhc4 Rxc7 28. Rxc7 Re1+ 29. Kg2 Re2 30. Kf3 Rxb2 31. Rxb7 a6 32. Ra7 Kf6 33. Rxa6+
Ke5 34. Ke3 h5 35. Rc6 Kf5 36. f4 Kg4 37. Rc5 1-0

[Event "I Miedzynarodowy Memorial Ireny Warakomskiej - Open A"]
[Site "Suwalki"]
[Date "2017-08-12"]
[Round "2.34"]
[White "Sliwicki, Damian "]
[Black "Zakrzewski, Marek"]
[Result "1/2-1/2"]
[WhiteTitle ""]
[BlackTitle ""]
[WhiteElo "2136"]
[BlackElo "2237"]

1. e4 c5 2. Nf3 e6 3. d4 cxd4 4. Nxd4 Nc6 5. Nc3 Qc7 6. g3 a6 7. Bg2 d6 8. O-O
Bd7 9. Re1 Be7 10. Nxc6 Bxc6 11. Bf4 Rd8 12. Qd3 Nf6 13. Rad1 O-O 14. a4 Ng4 15.
Qe2 Ne5 16. Kh1 Rb8 17. Bc1 b5 18. f4 Nd7 19. axb5 axb5 20. Nd5 Bxd5 21. exd5
e5 22. Rd3 Nc5 23. Rc3 b4 24. Rc4 Bf6 25. c3 b3 26. Be3 exf4 27. Bd4 Qd8 28. Bxf6
Qxf6 29. Rxf4 Qg6 30. Be4 Nxe4 31. Qxe4 Rb7 32. Qd4 Qc2 33. Rf2 Qg6 34. Re4 Qg5
35. Kg2 Re7 36. h4 Rxe4 37. Qxe4 Qh5 38. Rf3 h6 39. c4 Rb8 40. Kh3 Rc8 41. Rxb3
Qd1 42. Rc3 Qf1+ 43. Kh2 Qf2+ 44. Qg2 Qd4 45. Qe2 g6 46. Rc2 Rb8 47. Rd2 Qf6 48.
Qf2 Kg7 49. Kh3 g5 50. hxg5 hxg5 51. Kg4 Rb4 52. Qd4 Qxd4+ 53. Rxd4 f6 54. Re4
Kf7 55. Re6 Kg6 56. b3 Rb6 57. Kh3 Rxb3 58. Rxd6 Rc3 59. Rc6 Kf5 60. d6 Rd3 61.
Rc5+ Ke6 62. Rc6 Kd7 63. Ra6 Rc3 64. Kg4 Rxc4+ 65. Kf5 Rc3 66. g4 Rf3+ 67. Ke4
Rf4+ 68. Kd5 Rxg4 69. Ra7+ Kd8 70. Ke6 Re4+ 71. Kxf6 1/2-1/2

[Event "I Miedzynarodowy Memorial Ireny Warakomskiej - Open A"]
[Site "Suwalki"]
[Date "2017-08-12"]
[Round "2.35"]
[White "Jaroch, Karol"]
[Black "Chomczyk, Marek"]
[Result "1/2-1/2"]
[WhiteTitle ""]
[BlackTitle ""]
[WhiteElo "2235"]
[BlackElo "2138"]

1. e4 e5 2. Nf3 Nc6 3. Bc4 Bc5 4. d3 Nf6 5. c3 d6 6. Bg5 h6 7. Bh4 Bb6 8. Nbd2
Be6 9. Bxe6 fxe6 10. Nc4 Qe7 11. a4 a6 12. Nxb6 cxb6 13. Qb3 g5 14. Bg3 h5 15.
h4 g4 16. Ng5 O-O-O 17. Qxb6 d5 18. O-O Nd7 19. Qe3 d4 20. Qe2 Rhg8 21. Rfc1 Kb8
22. Rab1 Rxg5 23. hxg5 Qxg5 24. Kf1 h4 25. Bh2 Nc5 26. cxd4 g3 27. fxg3 Nxd4 28.
Qf2 Nxd3 29. gxh4 Qh6 30. Bxe5+ Nxe5 31. Kg1 Ndf3+ 32. gxf3 Rd2 33. Qg3 Qe3+ 34.
Kf1 Qd3+ 35. Kg1 Qe3+ 36. Kf1 Ka7 37. Qg1 Qxg1+ 38. Kxg1 Nxf3+ 39. Kf1 Nh2+ 1/2-1/2

[Event "I Miedzynarodowy Memorial Ireny Warakomskiej - Open A"]
[Site "Suwalki"]
[Date "2017-08-12"]
[Round "2.36"]
[White "Ocytko, Andrzej"]
[Black "Szustakowski, Antoni "]
[Result "1-0"]
[WhiteTitle ""]
[BlackTitle ""]
[WhiteElo "2127"]
[BlackElo "2235"]

1. d4 e6 2. e4 d5 3. Nc3 Nf6 4. e5 Nfd7 5. f4 c5 6. Nf3 Nc6 7. Be3 a6 8. Qd2 b5
9. dxc5 Bxc5 10. Bxc5 Nxc5 11. Nd4 Qb6 12. Nxc6 Qxc6 13. Qd4 Rb8 14. Bd3 a5 15.
O-O Ba6 16. Ne2 b4 17. Bxa6 Nxa6 18. Qd2 O-O 19. Nd4 Qb6 20. Kh1 Nc5 21. Rad1
Ne4 22. Qe3 f6 23. Kg1 Rbc8 24. Rf3 Rc4 25. h3 a4 26. f5 Ng5 27. Rg3 fxe5 28.
Qxg5 Qa7 29. Kh2 Rxd4 30. Rxd4 exd4 31. fxe6 Re8 32. Qxd5 Qe7 33. Qxd4 Rd8 34.
Rxg7+ 1-0

[Event "I Miedzynarodowy Memorial Ireny Warakomskiej - Open A"]
[Site "Suwalki"]
[Date "2017-08-12"]
[Round "2.37"]
[White "Dmochowska, Agnieszka"]
[Black "Smolka, Marcin "]
[Result "0-1"]
[WhiteTitle ""]
[BlackTitle ""]
[WhiteElo "2234"]
[BlackElo "2133"]

1. e4 e5 2. Nf3 Nc6 3. Bb5 a6 4. Ba4 b5 5. Bb3 Nf6 6. d3 Bc5 7. O-O d6 8. c3 Bg4
9. h3 Bh5 10. Re1 h6 11. Nbd2 g5 12. Bd5 Qd7 13. d4 Bb6 14. g4 Bg6 15. Qe2 O-O
16. Bxc6 Qxc6 17. dxe5 dxe5 18. Nxe5 Qd6 19. Nxg6 Qg3+ 20. Kf1 Qxh3+ 21. Kg1 fxg6
22. Qf3 Qh4 23. Re3 Nxg4 24. Qg3 Nxe3 25. Qxh4 gxh4 26. fxe3 Bxe3+ 27. Kh1 Rad8
0-1

[Event "I Miedzynarodowy Memorial Ireny Warakomskiej - Open A"]
[Site "Suwalki"]
[Date "2017-08-12"]
[Round "2.38"]
[White "Chinguun, Sumiya "]
[Black "Dzhuguryan, Tygran "]
[Result "1-0"]
[WhiteTitle ""]
[BlackTitle ""]
[WhiteElo "2120"]
[BlackElo "2230"]

1. e4 c6 2. c4 d5 3. cxd5 cxd5 4. exd5 Nf6 5. Nc3 Nxd5 6. Nf3 e6 7. d4 Be7 8. Bd3
O-O 9. O-O Nc6 10. Re1 Bf6 11. a3 a6 12. Bc2 g6 13. Bh6 Re8 14. Ne4 Bh8 15. Qd3
Nce7 16. Ne5 Nf5 17. Bd2 Bg7 18. Bb3 Qb6 19. Nxf7 Qxd4 20. Qxd4 Nxd4 21. Bxd5
exd5 22. Nh6+ Bxh6 23. Nf6+ Kf7 24. Nxe8 Bxd2 25. Nd6+ Kf6 26. Re8 Nb3 27. Rd1
Bg4 28. Rxd2 Rxe8 29. Nxe8+ Ke5 30. f4+ Ke6 31. Rd3 Nc1 32. Nc7+ Kd6 33. Rxd5+
Kc6 34. Rd2 Ne2+ 35. Kf2 Nxf4 36. Kg3 Bf5 37. Kxf4 Kxc7 38. Kg5 h5 39. h3 Kc6
40. g4 hxg4 41. hxg4 Bb1 42. Rf2 1-0

[Event "I Miedzynarodowy Memorial Ireny Warakomskiej - Open A"]
[Site "Suwalki"]
[Date "2017-08-12"]
[Round "2.39"]
[White "Czajkowski, Adam "]
[Black "Suliborski, Jakub"]
[Result "1-0"]
[WhiteTitle ""]
[BlackTitle ""]
[WhiteElo "2223"]
[BlackElo "2122"]

1. e4 c5 2. Nf3 d6 3. d4 cxd4 4. Nxd4 e5 5. Nb5 a6 6. N5c3 Be6 7. Nd5 Nd7 8. Nbc3
Rc8 9. Be2 Be7 10. O-O Ngf6 11. Be3 O-O 12. a4 Bxd5 13. exd5 Nb6 14. a5 Nc4 15.
Bxc4 Rxc4 16. Na4 Ng4 17. Bb6 Qd7 18. b3 Rf4 19. f3 Nh6 20. c4 Rf6 21. b4 Rg6
22. Rc1 Nf5 23. Bf2 Bh4 24. Nb6 Qe7 25. Qc2 Bxf2+ 26. Rxf2 Nd4 27. Qd1 Qg5 28.
f4 Qh4 29. c5 Nf5 30. fxe5 Ne3 31. Qf3 Ng4 32. g3 Nxf2 33. Qxf2 dxe5 34. c6 Qg5
35. Rc3 Rf6 36. Qe1 bxc6 37. dxc6 Qg4 38. c7 Qd4+ 39. Kg2 h5 40. c8=Q Rxc8 41.
Rxc8+ Kh7 42. Qe2 g6 43. Rc4 Qa1 44. Nd7 1-0

[Event "I Miedzynarodowy Memorial Ireny Warakomskiej - Open A"]
[Site "Suwalki"]
[Date "2017-08-12"]
[Round "2.40"]
[White "Khamidov, Komil"]
[Black "Czerw, Dawid "]
[Result "0-1"]
[WhiteTitle ""]
[BlackTitle ""]
[WhiteElo "2110"]
[BlackElo "2222"]

1. Nf3 c5 2. e4 Nc6 3. d4 cxd4 4. Nxd4 g6 5. Be3 Nf6 6. Nc3 Bg7 7. Nxc6 bxc6 8.
e5 Ng8 9. Bd4 f6 10. f4 Qa5 11. Qe2 fxe5 12. Bxe5 Nf6 13. a3 O-O 14. b4 Qd8 15.
Rd1 d5 16. h3 Nh5 17. Bxg7 Nxg7 18. Qe5 Rf5 19. Qe3 e5 20. fxe5 Qe7 21. e6 Rf6
22. Be2 Rxe6 23. Qd3 Re3 24. Qd2 Qh4+ 25. Kf1 Qf6+ 0-1

[Event "I Miedzynarodowy Memorial Ireny Warakomskiej - Open A"]
[Site "Suwalki"]
[Date "2017-08-12"]
[Round "2.41"]
[White "Kyrychenko, Maryan "]
[Black "Stanisz, Patryk"]
[Result "0-1"]
[WhiteTitle ""]
[BlackTitle ""]
[WhiteElo "2219"]
[BlackElo "2100"]

1. e4 c6 2. d4 d5 3. e5 Bf5 4. Nf3 e6 5. Be2 Nd7 6. O-O Ne7 7. Nh4 c5 8. c3 Be4
9. g3 Nc6 10. Be3 Be7 11. Ng2 Qb6 12. b3 cxd4 13. cxd4 f6 14. exf6 Bxf6 15. Nc3
Nxd4 16. Nxe4 dxe4 17. Bg4 Rd8 18. Bxd4 Bxd4 19. Rb1 Ne5 20. Qe2 Nd3 21. Qxe4
Nxf2 22. Qxe6+ Qxe6 23. Bxe6 Ne4+ 24. Kh1 Nd2 25. Bf7+ Kd7 26. Nf4 Nxb1 27. Rxb1
Be5 28. Nd3 Bd6 29. Bd5 Kc7 30. Be4 Rhe8 31. Rc1+ Kb8 32. Bxh7 Bxg3 33. Bg6 Rh8
34. Rc2 Bc7 35. Bf5 Rd5 36. Be4 Rd4 37. Bf5 Rh5 38. Bg6 Rh6 39. Bf5 g6 40. Ne5
gxf5 41. Nf3 Rg4 42. Rc5 Rf4 43. Rc3 0-1

[Event "I Miedzynarodowy Memorial Ireny Warakomskiej - Open A"]
[Site "Suwalki"]
[Date "2017-08-12"]
[Round "2.42"]
[White "Mokal, Amruta Sunil"]
[Black "Jakubiec, Edyta"]
[Result "1-0"]
[WhiteTitle ""]
[BlackTitle ""]
[WhiteElo "2047"]
[BlackElo "2212"]

1. c4 Nf6 2. e3 g6 3. Nc3 Bg7 4. d4 d6 5. Bd3 O-O 6. Nge2 Nbd7 7. Qc2 e5 8. O-O
Re8 9. Bd2 c6 10. Rae1 Qe7 11. f3 a5 12. Qa4 Nb6 13. Qb3 Qc7 14. c5 Nbd5 15. Ne4
dxc5 16. dxc5 Nxe4 17. fxe4 Nf6 18. Bc4 Be6 19. Bxe6 Rxe6 20. Qc4 Rd8 21. Bc3
Bh6 22. Nc1 Ng4 23. Rf3 Bxe3+ 24. Rfxe3 Nxe3 25. Rxe3 Rd1+ 26. Re1 b5 27. Qe2
Rd7 28. a3 Qa7 29. Qe3 Re8 30. Nd3 Qc7 31. Rf1 Kg7 32. h4 f6 33. Nf2 Re6 34. Ng4
Qd8 35. Nxf6 Rd3 36. Qg5 1-0

[Event "I Miedzynarodowy Memorial Ireny Warakomskiej - Open A"]
[Site "Suwalki"]
[Date "2017-08-12"]
[Round "2.43"]
[White "Stachanczyk, Jacek "]
[Black "Chojnowski, Marcin "]
[Result "1-0"]
[WhiteTitle ""]
[BlackTitle ""]
[WhiteElo "2209"]
[BlackElo "2070"]

1. e4 c5 2. Nf3 d6 3. d4 cxd4 4. Nxd4 Nf6 5. Nc3 a6 6. Bg5 e6 7. f4 Qc7 8. Bxf6
gxf6 9. Be2 Nc6 10. Nxc6 bxc6 11. Qd4 Rg8 12. O-O-O Rb8 13. Qxf6 Bg7 14. Qg5 Qb6
15. e5 h6 16. Qg3 dxe5 17. fxe5 h5 18. Qg5 Rb7 19. b3 Bd7 20. Rhf1 Kf8 21. Rxf7+
1-0

[Event "I Miedzynarodowy Memorial Ireny Warakomskiej - Open A"]
[Site "Suwalki"]
[Date "2017-08-13"]
[Round "3.1"]
[White "Bartel, Mateusz"]
[Black "Walkusz, Witoslaw"]
[Result "1-0"]
[WhiteTitle ""]
[BlackTitle ""]
[WhiteElo "2608"]
[BlackElo "2115"]

1. d4 Nf6 2. Bg5 Ne4 3. Bf4 d5 4. e3 c5 5. Bd3 Nc6 6. Bxe4 dxe4 7. d5 g5 8. Bxg5
Bg7 9. Nc3 Nb4 10. Nge2 Bg4 11. h3 Bxe2 12. Qxe2 Qa5 13. O-O Bxc3 14. bxc3 Nxd5
15. c4 Nc3 16. Qh5 Qb4 17. Bxe7 1-0

[Event "I Miedzynarodowy Memorial Ireny Warakomskiej - Open A"]
[Site "Suwalki"]
[Date "2017-08-13"]
[Round "3.2"]
[White "Jakubowski, Krzysztof"]
[Black "Tomczak, Jacek "]
[Result "0-1"]
[WhiteTitle ""]
[BlackTitle ""]
[WhiteElo "2515"]
[BlackElo "2598"]

1. d4 Nf6 2. Nf3 g6 3. Bf4 Bg7 4. Nbd2 O-O 5. c3 d6 6. h3 Nbd7 7. e4 Nh5 8. Bh2
e5 9. Bc4 Qf6 10. O-O Nf4 11. Re1 Nb6 12. Bf1 Be6 13. a4 a5 14. d5 Bd7 15. Kh1
c6 16. c4 c5 17. b3 Bh6 18. Ra2 Rae8 19. Ng1 Qd8 20. Nb1 Nc8 21. Nc3 Kh8 22. g3
Nh5 23. Bg2 Ng7 24. f4 f5 25. exf5 exf4 26. fxg6 fxg3 27. Bxg3 Qg5 28. Bh2 Qxg6
29. Rae2 Rxe2 30. Rxe2 Nh5 31. Ne4 Nf4 32. Bxf4 Rxf4 33. Qe1 b6 34. Nd2 Rf7 35.
Bf3 Bf4 36. Be4 Qh6 37. Bg2 Qf8 38. Ndf3 Ne7 39. Nh4 Qg7 40. Ngf3 Ng8 41. Qb1
Qf6 42. Re4 Qc3 43. Ng1 Bh6 44. Qd1 Qg3 45. Nhf3 Nf6 46. Rh4 Qg6 47. Ne2 Nh5 48.
Qg1 Bf5 49. Qh2 Bd3 50. Rg4 Qf6 51. Ng3 Nf4 52. Ne1 Bg6 53. Qg1 Re7 54. Ne4 Rxe4
55. Bxe4 Bxe4+ 56. Kh2 Qb2+ 0-1

[Event "I Miedzynarodowy Memorial Ireny Warakomskiej - Open A"]
[Site "Suwalki"]
[Date "2017-08-13"]
[Round "3.3"]
[White "Mastrovasilis, Dimitrios "]
[Black "Czerwonski, Aleksander "]
[Result "1-0"]
[WhiteTitle ""]
[BlackTitle ""]
[WhiteElo "2596"]
[BlackElo "2392"]

1. e4 e5 2. Nf3 Nc6 3. Bb5 a6 4. Ba4 Nf6 5. O-O Be7 6. Re1 b5 7. Bb3 d6 8. c3 O-O
9. d4 Bg4 10. d5 Na5 11. Bc2 c6 12. h3 Bc8 13. dxc6 Qc7 14. Nbd2 Nxc6 15. Nf1
Re8 16. Bg5 h6 17. Bxf6 Bxf6 18. Ne3 Ne7 19. Bb3 Be6 20. Qd3 Ng6 21. Rad1 Rad8
22. Nd5 Bxd5 23. Qxd5 Nf4 24. Qd2 Rd7 25. h4 Qc8 26. g3 Ng6 27. Qe2 Bd8 28. Nh2
Bb6 29. Qf3 Qc5 30. Ng4 Qc7 31. Re2 Nf8 32. Red2 Ree7 33. Qf5 Nh7 34. Kh2 Kh8
35. Kg2 g6 36. Qf3 Kg7 37. h5 gxh5 38. Nxh6 1-0

[Event "I Miedzynarodowy Memorial Ireny Warakomskiej - Open A"]
[Site "Suwalki"]
[Date "2017-08-13"]
[Round "3.4"]
[White "Molenda, Marcin"]
[Black "Sadzikowski, Daniel"]
[Result "0-1"]
[WhiteTitle ""]
[BlackTitle ""]
[WhiteElo "2420"]
[BlackElo "2594"]

1. d4 Nf6 2. Nf3 d5 3. c4 e6 4. g3 Bb4+ 5. Bd2 Be7 6. Qc2 O-O 7. Bg2 Nbd7 8. O-O
Ne4 9. Nc3 Nxd2 10. Nxd2 c6 11. e4 dxe4 12. Ndxe4 f5 13. Nd2 e5 14. dxe5 Nxe5
15. Rad1 Qc7 16. Ne2 Bd7 17. Nf3 Rad8 18. Rfe1 Nxf3+ 19. Bxf3 Bb4 20. Rf1 Bc5
21. Qc3 Bc8 22. b4 Bd6 23. Bg2 Rfe8 24. Rfe1 Be5 25. Qc1 Be6 26. a3 Bf7 27. c5
Bf6 28. Qc2 g6 29. Nf4 Rxe1+ 30. Rxe1 Qd7 31. h4 a6 32. a4 Qd2 33. Qxd2 Rxd2 34.
b5 cxb5 35. axb5 Bd4 36. Rc1 Bxf2+ 37. Kf1 Bxg3 38. Ne2 Bc4 39. b6 Bxe2+ 40. Kg1
Bf4 41. Bxb7 Be3+ 42. Kh1 Rd1+ 43. Rxd1 Bxd1 0-1

[Event "I Miedzynarodowy Memorial Ireny Warakomskiej - Open A"]
[Site "Suwalki"]
[Date "2017-08-13"]
[Round "3.5"]
[White "Czarnota, Pawel"]
[Black "Czajkowski, Adam "]
[Result "1-0"]
[WhiteTitle ""]
[BlackTitle ""]
[WhiteElo "2577"]
[BlackElo "2223"]

1. e4 c5 2. Nf3 e6 3. d4 cxd4 4. Nxd4 a6 5. Bd3 Nf6 6. Qe2 d6 7. O-O g6 8. c4 Bg7
9. Nc3 O-O 10. Rd1 Nc6 11. Nxc6 bxc6 12. e5 dxe5 13. Bxg6 Qc7 14. Bc2 Ne8 15.
Bg5 f5 16. Bd8 Qf7 17. Na4 e4 18. Bb6 Kh8 19. f3 Qh5 20. Qf2 Rg8 21. f4 e5 22.
Rd8 Bf6 23. Rd2 exf4 24. Qxf4 Be6 25. Be3 Rg4 26. Bd1 Rxf4 27. Bxh5 Rh4 28. Bxe8
Rxe8 29. Rf1 Be5 30. g3 f4 31. gxf4 Bh3 32. Rff2 Rg8+ 33. Kh1 Rhg4 34. Rfe2 Rxf4
35. Bxf4 Bxf4 36. Rc2 Bg4 37. Rg2 Bf3 38. Kg1 Rd8 39. Nc3 e3 40. Kf1 Be5 41. Rge2
Bd4 42. Nd1 Rf8 43. Nxe3 c5 44. Ke1 a5 45. b3 a4 46. bxa4 Ra8 47. Nf5 Bf6 48.
Re6 Bg5 49. Nd6 Kg7 50. Rf2 Rf8 51. Re5 Kg6 52. Nf5 Bg4 53. Ne7+ Bxe7 54. Rxe7
1-0

[Event "I Miedzynarodowy Memorial Ireny Warakomskiej - Open A"]
[Site "Suwalki"]
[Date "2017-08-13"]
[Round "3.6"]
[White "Teclaf, Pawel"]
[Black "Sandipan, Chanda "]
[Result "0-1"]
[WhiteTitle ""]
[BlackTitle ""]
[WhiteElo "2373"]
[BlackElo "2568"]

1. e4 g6 2. d4 Bg7 3. Nc3 c6 4. Be3 d5 5. Qd2 dxe4 6. Nxe4 Nd7 7. Nf3 Ngf6 8. Nxf6+
Nxf6 9. Ne5 Ng4 10. Nxg4 Bxg4 11. c3 e5 12. Be2 Be6 13. Bg5 Qd5 14. Bf3 Qa5 15.
dxe5 Qxe5+ 16. Qe3 Qb5 17. Qd2 O-O 18. Be2 Bc4 19. a4 Qa6 20. Bxc4 Qxc4 21. O-O-O
Qxa4 22. Rhe1 Rfe8 23. Qf4 Qa5 24. Rxe8+ Rxe8 25. Rd7 Qa2 26. Re7 Rd8 27. Kc2
h6 28. Rxf7 hxg5 29. Rxg7+ Kxg7 30. Qc7+ Qf7 31. Qxd8 Qxf2+ 32. Kb1 Qxg2 33. Qe7+
Kh6 34. Qf8+ Kh5 35. Qh8+ Kg4 36. Qd4+ Kf3 37. Qd3+ Kf4 38. Qd6+ Ke3 39. Qd4+
Ke2 40. Qc4+ Ke1 41. Qe6+ Kf1 42. Qxg6 g4 43. Qh6 Kg1 44. Ka2 Qd5+ 45. Ka1 Qd1+
46. Ka2 Qa4+ 47. Kb1 Qe4+ 48. Ka2 a5 49. Qh4 Qf3 50. Ka3 b5 51. Qh8 b4+ 52. Ka4
Qd5 53. c4 Qxc4 0-1

[Event "I Miedzynarodowy Memorial Ireny Warakomskiej - Open A"]
[Site "Suwalki"]
[Date "2017-08-13"]
[Round "3.7"]
[White "Markowski, Tomasz"]
[Black "Czerw, Dawid "]
[Result "1-0"]
[WhiteTitle ""]
[BlackTitle ""]
[WhiteElo "2552"]
[BlackElo "2222"]

1. c4 c5 2. g3 Nc6 3. Bg2 g6 4. Nc3 Bg7 5. Rb1 e5 6. a3 a5 7. e3 Nge7 8. Nge2 O-O
9. d3 Rb8 10. O-O d6 11. b3 Be6 12. Nd5 b5 13. Nec3 b4 14. axb4 axb4 15. Ne2 f5
16. Bb2 Bf7 17. f4 Nxd5 18. cxd5 Ne7 19. e4 Qb6 20. Kh1 Be8 21. fxe5 dxe5 22.
Bc1 Nc8 23. Be3 Nd6 24. Qc2 Rc8 25. Rfc1 Bb5 26. Ng1 f4 27. Bf2 g5 28. Bh3 Rc7
29. Be6+ Kh8 30. g4 Ra8 31. Nf3 Bf6 32. Ne1 Nb7 33. Ra1 Ra6 34. Qb2 Nd6 35. Qc2
Nb7 36. Ra2 Kg7 37. Rca1 Nd6 38. Rxa6 Bxa6 39. Qa2 Bc8 40. Bxc8 Nxc8 41. Qa6 Be7
42. Qxb6 Nxb6 43. Ra6 Rb7 44. Nf3 Kf6 45. h4 h6 46. Kg2 Bd6 47. Ra5 Nd7 48. Ra8
Rb8 49. Ra7 Nf8 50. hxg5+ hxg5 51. Ra6 Ke7 52. Nxg5 1-0

[Event "I Miedzynarodowy Memorial Ireny Warakomskiej - Open A"]
[Site "Suwalki"]
[Date "2017-08-13"]
[Round "3.8"]
[White "Paszewski, Mateusz "]
[Black "Kveinys, Aloyzas "]
[Result "0-1"]
[WhiteTitle ""]
[BlackTitle ""]
[WhiteElo "2321"]
[BlackElo "2548"]

1. e4 c5 2. Nf3 Nc6 3. Bb5 g6 4. Bxc6 bxc6 5. O-O Bg7 6. Re1 Nh6 7. c3 O-O 8. h3
f6 9. d4 cxd4 10. cxd4 d6 11. Nc3 Nf7 12. d5 c5 13. Qc2 Rb8 14. Nd2 f5 15. f4
e5 16. dxe6 Bxe6 17. Nf3 Re8 18. e5 dxe5 19. fxe5 g5 20. h4 h6 21. hxg5 hxg5 22.
Be3 g4 23. Rad1 Qe7 24. Nd2 Bxe5 25. Na4 Qf6 26. b3 Bg3 27. Nf1 Bxe1 28. Rxe1
c4 29. Nc5 cxb3 30. axb3 Rbd8 31. Qf2 Bd5 32. Ng3 f4 33. Nh5 Qg5 34. Nxf4 g3 35.
Qd2 Bc6 36. Qc3 Qh6 37. Kf1 Bb5+ 38. Ncd3 Rxe3 39. Rxe3 Qxf4+ 0-1

[Event "I Miedzynarodowy Memorial Ireny Warakomskiej - Open A"]
[Site "Suwalki"]
[Date "2017-08-13"]
[Round "3.9"]
[White "Warakomski, Tomasz "]
[Black "Kulon, Klaudia "]
[Result "1-0"]
[WhiteTitle ""]
[BlackTitle ""]
[WhiteElo "2536"]
[BlackElo "2359"]

1. e4 e5 2. Nc3 Nc6 3. g3 g6 4. Bg2 Bg7 5. Nge2 Nge7 6. Nd5 O-O 7. c4 d6 8. d3
f5 9. Bg5 h6 10. Be3 Nd4 11. Bxd4 exd4 12. Nef4 Kh7 13. h4 Ng8 14. exf5 gxf5 15.
Nh5 Re8+ 16. Kf1 Be5 17. Bf3 c6 18. Ndf4 Nf6 19. Nxf6+ Qxf6 20. Qd2 Bd7 21. Kg2
Rg8 22. Rae1 Rab8 23. Nh5 Qf8 24. Qa5 Re8 25. Qc7 Re7 26. c5 f4 27. cxd6 Bh3+
28. Rxh3 Rxc7 29. dxc7 Bxc7 30. Re6 Bd8 31. Rh1 Kh8 32. g4 Rg7 33. Nxg7 Kxg7 34.
Be4 f3+ 35. Bxf3 Qf7 36. Re4 Qxa2 37. Rxd4 Bb6 38. Rd7+ Kf6 39. Re1 Qxb2 40. Re2
Qc3 41. Rd6+ Kf7 42. g5 hxg5 43. Bh5+ Kg7 44. Re7+ Kf8 45. Re8+ Kg7 46. hxg5 1-0

[Event "I Miedzynarodowy Memorial Ireny Warakomskiej - Open A"]
[Site "Suwalki"]
[Date "2017-08-13"]
[Round "3.10"]
[White "Leniart, Arkadiusz "]
[Black "Mihok, Oliver"]
[Result "1-0"]
[WhiteTitle ""]
[BlackTitle ""]
[WhiteElo "2480"]
[BlackElo "2534"]

1. d4 Nf6 2. c4 g6 3. Nc3 Bg7 4. Bg5 d6 5. e3 h6 6. Bh4 O-O 7. Be2 c5 8. Nf3 g5
9. Bg3 Nh5 10. dxc5 Nxg3 11. hxg3 dxc5 12. Qc2 e6 13. Rd1 Qe7 14. g4 Nc6 15. a3
Rd8 16. Bd3 b6 17. Ke2 Ba6 18. b3 Rd7 19. Be4 Rxd1 20. Rxd1 Bb7 21. Nb5 Na5 22.
Nd6 Bxe4 23. Qxe4 Rd8 24. Nf5 Qf6 25. Rxd8+ Qxd8 26. Nxg7 Qf6 27. Nh5 Qb2+ 28.
Nd2 Nxb3 29. Qa8+ Kh7 30. Qd8 Nc1+ 31. Kf3 Qc2 32. Nf6+ Kg6 33. Nde4 1-0

[Event "I Miedzynarodowy Memorial Ireny Warakomskiej - Open A"]
[Site "Suwalki"]
[Date "2017-08-13"]
[Round "3.11"]
[White "Kanarek, Marcel"]
[Black "Jarmula, Lukasz"]
[Result "1/2-1/2"]
[WhiteTitle ""]
[BlackTitle ""]
[WhiteElo "2530"]
[BlackElo "2457"]

1. e4 e6 2. d4 d5 3. Nc3 Bb4 4. exd5 exd5 5. Bd3 Nf6 6. Nge2 O-O 7. O-O c6 8. h3
Re8 9. Ng3 Nbd7 10. Qf3 Nf8 11. Nce2 g6 12. c3 Be7 13. Bh6 Ne6 14. Rae1 Bf8 15.
Bxf8 Rxf8 16. Nf4 Ng5 17. Qd1 Re8 18. Rxe8+ Qxe8 19. Re1 Qf8 20. h4 Ne6 21. Nxe6
Bxe6 22. Qf3 Nd7 23. h5 Qh6 24. Re3 Kg7 25. Ne2 Nf6 26. Nf4 Bg4 27. Qg3 g5 28.
Ne2 Qxh5 29. f3 Bd7 30. Re5 h6 31. Nf4 Qh4 32. Qxh4 gxh4 33. Nh5+ Nxh5 34. Rxh5
h3 35. g4 Rh8 36. Kf2 f6 37. Rxh3 Be8 38. Kg3 Bg6 39. Bxg6 Kxg6 40. Rh5 Re8 41.
Kf2 b5 1/2-1/2